000 00754cam a2200277 4500500
005 20260329004253.0
041 _afre
042 _adc
100 1 0 _aNathan, Tobie
_eauthor
245 0 0 _aEscape games. À la recherche du temps perdu
260 _c2019.
500 _a8
690 _aCollaboration
690 _aÉchappée
690 _aÉquipe
690 _aEscape Games
690 _aÉvasion
690 _aJeu
690 _aLabyrinthe
690 _aMinos
690 _aMinotaure
690 _aThésée
690 _aTobie Nathan
786 0 _nPhilosophie magazine | 128 | 4 | 2019-04-01 | p. 12-12 | 1951-1787
856 4 1 _uhttps://shs.cairn.info/magazine-philosophie-magazine-2019-4-page-12?lang=fr&redirect-ssocas=7080
999 _c1832344
_d1832344